000 00849nam a2200241 i 4500
001 bg
245 0 0 _aPrzedsiębiorstwo i jego otoczenie w gospodarce rynkowej /
_cJan Butra [et al ; pod red. nauk. Konrada Wanielisty] ; Instytut Gospodarki Surowcami Mineralnymi i Energią. Polska Akademia Nauk.
260 _aKraków :
_bWydaw. IGSMiE PAN,
_c1999.
300 _a430, [1] s. :
_brys., wykr. ;
_c24 cm.
504 _aBibliogr. s. 425-[431].
650 9 _aPrzedsiębiorstwo
655 _aPodręczniki
700 1 _aBUTRA, Jan.
700 1 _aWANIELISTA, Konrad.
_eRed.
710 0 _aPolska Akademia Nauk
_bInstytut Gospodarki Surowcami Mineralnymi i Energią
020 _a8387854166
040 _cBPK
041 0 _apl
080 _a658.1/.5.012(07)
920 _a83-87854-16-6
942 _cKS
008 s pl f |000 0 pol
999 _c36194
_d36194
856 _uhttp://koha.tu.koszalin.pl/cgi-bin/koha/opac-detail.pl?biblionumber=36194
_yKatalog online BPK